| Tag |
First Indicator |
Second Indicator |
Subfields |
| LEADER |
00000cam a22000008a 4500 |
| 001 |
in00000408564 |
| 005 |
20151012050529.0 |
| 008 |
850620s1986 nyua b 00110 eng |
| 010 |
|
|
|a 85015249
|
| 020 |
|
|
|a 0195036948 :
|c $25.00
|
| 035 |
|
|
|a (OCoLC)12262578
|
| 035 |
|
|
|9 ABS9998AM
|
| 039 |
0 |
|
|a 2
|b 3
|c 3
|d 3
|e 3
|
| 040 |
|
|
|a DLC
|c DLC
|d TXA
|d UtOrBLW
|
| 043 |
|
|
|a n-us---
|
| 049 |
|
|
|a TXAM
|c [A09212910]
|
| 050 |
0 |
0 |
|a PS153.M56
|b S65 1986
|
| 082 |
0 |
|
|a 810/.9/8
|2 19
|
| 100 |
1 |
|
|a Sollors, Werner.
|
| 245 |
1 |
0 |
|a Beyond ethnicity :
|b consent and descent in American culture /
|c Werner Sollors.
|
| 264 |
|
1 |
|a New York :
|b Oxford University Press,
|c 1986.
|
| 300 |
|
|
|a xiii, 294 pages :
|b illustrations
|
| 336 |
|
|
|a text
|b txt
|2 rdacontent
|
| 337 |
|
|
|a unmediated
|b n
|2 rdamedia
|
| 338 |
|
|
|a volume
|b nc
|2 rdacarrier
|
| 500 |
|
|
|a Includes index.
|
| 504 |
|
|
|a Bibliography: pages 265-281.
|
| 650 |
|
0 |
|a American literature
|x Minority authors
|x History and criticism.
|
| 650 |
|
0 |
|a American literature
|x Foreign authors
|x History and criticism.
|
| 650 |
|
0 |
|a Ethnic groups in literature.
|
| 650 |
|
0 |
|a Ethnicity in literature.
|
| 650 |
|
0 |
|a Ethnology
|z United States.
|
| 999 |
|
|
|a MARS
|
| 999 |
f |
f |
|s 5fc95ff2-be25-36f4-8c89-344beb9393fb
|i fd1d0322-8baf-3beb-89db-7a4461b2ec62
|t 0
|
| 952 |
f |
f |
|p normal
|a Texas A&M University
|b College Station
|c Sterling C. Evans Library
|d Evans: Library Stacks
|t 0
|e PS153.M56 S65 1986
|h Library of Congress classification
|i unmediated -- volume
|m A14809212910
|
| 998 |
f |
f |
|a PS153.M56 S65 1986
|t 0
|l Evans: Library Stacks
|